Elenca la formazione - Finale UEFA Champions League 1999-2000 - Statistics

Statistiche generali
  • Questo quiz è stato fatto 19 volte
  • Il punteggio medio è 12 su 24
Statistiche sulle risposte
Ruolo Nazione Calciatore % Corretto
Difensore Brasile Roberto Carlos
100%
Portiere Spagna Iker Casillas
94%
Centrocampista Spagna Raúl
88%
Attaccante Spagna Fernando Morientes
81%
Difensore Spagna Míchel Salgado
81%
Portiere Spagna Santiago Cañizares
81%
Centrocampista Argentina Fernando Redondo
69%
Difensore Spagna Iván Helguera
69%
Attaccante Francia Nicolas Anelka
56%
Centrocampista Inghilterra Steve McManaman
56%
Centrocampista Spagna Gaizka Mendieta
50%
Centrocampista Argentina Kily González
50%
Attaccante Argentina Claudio López
38%
Difensore Francia Jocelyn Angloma
38%
Difensore Spagna Iván Campo
31%
Difensore Argentina Mauricio Pellegrino
31%
Attaccante Spagna Miguel Ángel Angulo
31%
Centrocampista Spagna Gerard
25%
Centrocampista Spagna Javier Farinós
25%
Difensore Spagna Aitor Karanka
19%
Difensore Spagna Gerardo
19%
Difensore Jogoslavia Miroslav Đukić
19%
Real Madrid Real Madrid Real Madrid
0%
Valencia Valencia Valencia
0%
Nessun quiz corrispondente trovato
Distribuzione punteggi
Percentuale di utenti per punteggio
Percentile per numero di risposta
I tuoi punteggi nel tempo
Non hai fatto questo quiz